000 00564nam a2200169Ia 4500
003 GCL
008 140319s9999 xx 000 0 ara d
040 _aGCL /
_cGCL
082 0 4 _a819.5
_bم ا
100 1 _aمحمد يونس عبدالعال
245 1 0 _aابو الخطاب المفضل بن ثابت الصابى وما تبقى من نشرة: نشر ودراسة /
_cمحمد يونس عبدالعال
300 _a46 ص
490 _a
650 0 4 _aالادب العربى
650 0 4 _aابو الخطاب المفضل بن ثابت
942 _2ddc
_cBK
999 _c38775
_d38775